000 00367nam a22001457a 4500
999 _c18068
_d18068
003 OSt
005 20230411140326.0
008 230411b ||||| |||| 00| 0 eng d
040 _c0
245 _aEducating girls, women in shelter /
260 _aPhilippines :
_bSunStar,
_cFebruary 28, 2020.
300 _a1 page.
650 _aEducation.
_948357
942 _2ddc
_cPER